Classsification of Electronic Communication

Gespeichert in:
Bibliographische Detailangaben
1. Verfasser: Maierová, Eva, 1965-
Format: Buchkapitel
Sprache:Englisch
Schlagworte:
Tags: Tag hinzufügen
Keine Tags, Fügen Sie das erste Tag hinzu!

MARC

LEADER 00000nla a2200000 4500
001 0241343
005 20240502073929.3
041 0 |a eng 
044 |a SK 
245 1 0 |a Classsification of Electronic Communication  |c Eva Maierová 
610 2 0 |a komunikácia elektronická 
610 2 0 |a siete sociálne 
610 2 0 |a internet 
100 1 |a Maierová, Eva, 1965-